书目信息 |
| 题名: |
新课程说课、听课与评课
|
|
| 作者: | 周勇 , 赵宪宇 执行主编 | |
| 分册: | ||
| 出版信息: | 北京 教育科学出版社 2006 |
|
| 页数: | 176页 | |
| 开本: | 23cm | |
| 丛书名: | 新课程教学问题与解决丛书 | |
| 单 册: | ||
| 中图分类: | G632.421 , G632.3 | |
| 科图分类: | ||
| 主题词: | 课堂教学 , 课堂教学--教学研究--中小学 | |
| 电子资源: | ||
| ISBN: | 7-5041-2809-0 | |
| 000 | 01062nam0 2200301 450 | |
| 000 | 01049nam0 2200289 450 | |
| 000 | 00978nam0 2200265 450 | |
| 000 | 00942oam2 2200253 45 | |
| 005 | 20070727084259.55 | |
| 010 | @a7-5041-2809-0@dCNY16.80 | |
| 100 | @a20070705d2006 em y0chiy0120 ea | |
| 101 | 0 | @achi |
| 102 | @aCN@b110000 | |
| 105 | @ay z 000yy | |
| 200 | 1 | @a新课程说课、听课与评课@AXin Ke Cheng Shuo Ke、 Ting Ke Yu Ping Ke@f周勇,赵宪宇执行主编@FZhou Yong, Zhao Xian Yu Zhi Xing Zhu Bian |
| 210 | @a北京@c教育科学出版社@d2006 | |
| 215 | @a176页@d23cm | |
| 225 | 2 | @a新课程教学问题与解决丛书 |
| 330 | @a本书的主要内容有:相关理论——背景、平台和桥梁;说课——拓宽教学研究的新视野;评课——打开教评相长的通道等。 | |
| 410 | 0 | @12001 @a新课程教学问题与解决丛书 |
| 606 | 0 | @a课堂教学 |
| 606 | 0 | @a课堂教学@x教学研究@x中小学 |
| 690 | @aG632.421@v4 | |
| 690 | @aG632.3@v3 | |
| 701 | 0 | @a周勇@AZhou Yong@f(1973.2~)@4执行主编 |
| 701 | 0 | @a赵宪宇@AZhao Xian Yu@4执行主编 |
| 801 | 0 | @aCN@bTAOJIN@c20070727 |
| 905 | @a10447@dG632.3@e227 | |
| 新课程说课、听课与评课/周勇,赵宪宇执行主编.-北京:教育科学出版社,2006 |
| 176页;23cm.-(新课程教学问题与解决丛书) |
| ISBN 7-5041-2809-0:CNY16.80 |
| 本书的主要内容有:相关理论——背景、平台和桥梁;说课——拓宽教学研究的新视野;评课——打开教评相长的通道等。 |
| ● |
| 相关链接 |
|
|
|
|
正题名:新课程说课、听课与评课
索取号:G632.3/227
 
预约/预借
| 序号 | 登录号 | 条形码 | 馆藏地/架位号 | 状态 | 备注 |
| 1 | 0820240 | 208202407 | 第一样本阅览室/ [索取号:G632.3/227] | 在馆 | |
| 2 | 0820241 | 208202416 | 第四借阅区/ [索取号:G632.3/227] | 在馆 | |
| 3 | 0820242 | 208202425 | 密集书库/ [索取号:G632.3/227] | 在馆 | |
| 4 | 0820243 | 208202434 | 第四借阅区/ [索取号:G632.3/227] | 在馆 | |
| 5 | 0820244 | 208202443 | 第四借阅区/ [索取号:G632.3/227] | 在馆 | |
| 6 | 0820245 | 208202452 | 密集书库/ [索取号:G632.3/227] | 在馆 | |
| 7 | 0820246 | 208202461 | 密集书库/ [索取号:G632.3/227] | 在馆 | |
| 8 | 0820247 | 208202470 | 密集书库/ [索取号:G632.3/227] | 在馆 | |
| 9 | 0820248 | 208202489 | 第四借阅区/ [索取号:G632.3/227] | 在馆 | |
| 10 | 0820249 | 208202498 | 第四借阅区/ [索取号:G632.3/227] | 在馆 |